LIBRARY ONLINE CATALOGUE

The Epistle to the Romans / (Record no. 20946)

MARC details
000 -LEADER
fixed length control field 01217cam a2200337 a 4500
001 - CONTROL NUMBER
control field 3052865
003 - CONTROL NUMBER IDENTIFIER
control field OSt
005 - DATE AND TIME OF LATEST TRANSACTION
control field 20251205165859.0
008 - FIXED-LENGTH DATA ELEMENTS--GENERAL INFORMATION
fixed length control field 960606s1996 miu b 001 0 eng
010 ## - LIBRARY OF CONGRESS CONTROL NUMBER
LC control number 96026077
020 ## - INTERNATIONAL STANDARD BOOK NUMBER
International Standard Book Number 0802823173
Qualifying information alk. paper
020 ## - INTERNATIONAL STANDARD BOOK NUMBER
International Standard Book Number 9780802823175
Qualifying information (alk. paper)
035 ## - SYSTEM CONTROL NUMBER
System control number 3052865
040 ## - CATALOGING SOURCE
Original cataloging agency DLC
Transcribing agency DLC
Modifying agency DLC
050 00 - LIBRARY OF CONGRESS CALL NUMBER
Classification number BS2665.3
Item number .M55 1996
082 00 - DEWEY DECIMAL CLASSIFICATION NUMBER
Classification number 227/.107
Edition number 20
100 1# - MAIN ENTRY--PERSONAL NAME
Personal name Moo, Douglas J.
245 14 - TITLE STATEMENT
Title The Epistle to the Romans /
Statement of responsibility, etc. Douglas J. Moo.
260 ## - PUBLICATION, DISTRIBUTION, ETC. (IMPRINT)
Place of publication, distribution, etc. Grand Rapids, Mich. :
Name of publisher, distributor, etc. W.B. Eerdmans Pub. Co.,
Date of publication, distribution, etc. c1996.
300 ## - PHYSICAL DESCRIPTION
Extent xxv, 1012 p. ;
Dimensions 25 cm.
336 ## - CONTENT TYPE
Content type term text
Content type code txt
Source rdacontent
337 ## - MEDIA TYPE
Media type term unmediated
Media type code n
Source rdamedia
338 ## - CARRIER TYPE
Carrier type term volume
Carrier type code nc
Source rdacarrier
440 #4 - SERIES STATEMENT/ADDED ENTRY--TITLE
Title The new international commentary on the New Testament
504 ## - BIBLIOGRAPHY, ETC. NOTE
Bibliography, etc Includes bibliographical references (p. xviii-xxv) and indexes.
630 00 - SUBJECT ADDED ENTRY--UNIFORM TITLE
Uniform title Bible.
Name of part/section of a work Romans
General subdivision Commentaries.
906 ## - LOCAL DATA ELEMENT F, LDF (RLIN)
a 7
b cbc
c orignew
d 1
e ocip
f 19
g y-gencatlg
942 ## - ADDED ENTRY ELEMENTS (KOHA)
Source of classification or shelving scheme Library of Congress Classification
Koha item type General Collection
Holdings
Withdrawn status Lost status Source of classification or shelving scheme Not for loan Home library Current library Shelving location Date acquired Source of acquisition Inventory number Total Checkouts Full call number Barcode Date last seen Copy number Price effective from Koha item type
    Library of Congress Classification   Kabarak, Main Campus Kabarak, Main Campus General Stacks 05/12/2025 Donation 2025/2490   BS2665.3 .M55 1996 C.1 39101 05/12/2025 C.1 05/12/2025 General Collection